| 000 | 01644nam a2200361 i 4500 | ||
|---|---|---|---|
| 003 | EG-ScBUE | ||
| 005 | 20230316093308.0 | ||
| 008 | 161203s2016 ua a f b 000 0 ara d | ||
| 017 | _a2016 / 23349 | ||
| 020 | _a9789779044231 | ||
| 040 |
_aEG-ScBUE _bara _erda _cEG-ScBUE _dEG-ScBUE |
||
| 043 | _af-ua--- | ||
| 082 | 0 | 4 |
_a746.10962 _bخ م ي _222 |
| 100 | 1 |
_aخميس، محمد فريد، _eمؤلف. |
|
| 245 | 1 | 0 |
_aصناعة النسيج في مصر عبر العصور : _bمنذ بداية العصور التاريخية وحتى العصر الحديث / _cالفكرة والهدف أ. محمد فريد خميس ؛ الإعداد والتجميع د. عبد الحليم نور الدين. |
| 250 | _aالطبعة الأولى. | ||
| 264 | 1 |
_aالقاهرة : _bمؤسسة م. فريد خميس لتنمية المجتمع، _c2016. |
|
| 300 |
_a2 مجلد : _bإيضاحيات (بعضها ملونة) ؛ _c24 سم |
||
| 336 |
_2rdacontent _aنص _btxt |
||
| 337 |
_2rdamedia _aبدون وسيط _bn |
||
| 338 |
_2rdacarrier _aمجلد _bnc |
||
| 504 | _aيشتمل على إرجاعات ببليوجرافية. | ||
| 505 | 0 | _aالمجلد الأول -- المجلد الثاني. | |
| 541 |
_cDonation ; _aM. Mohamed Farid Khamis. |
||
| 650 | 7 |
_aالغزل والنسيج _zمصر _xتاريخ. _2BUEsh |
|
| 650 | 7 |
_aالغزل والنسيج _xصناعة وتجارة _zمصر. _2BUEsh |
|
| 650 | 7 |
_aالمنسوجات _zمصر _xتاريخ. _2BUEsh |
|
| 651 | _2BUEsh | ||
| 653 |
_bGGEN _cDecember2016 |
||
| 655 | _vReading book | ||
| 700 | 1 |
_aنور الدين، عبد الحليم، _eمعد، _eمجمع. |
|
| 942 | _2ddc | ||
| 999 |
_c23420 _d23392 |
||